000 00435nam a2200169 a 4500
001 1776331134407
003 YourLibrary
005 20260416145132.0
008 260416s2001##################000#0#eng##
020 _a9780406934444
082 0 4 _a348.42
_bALL.3
100 1 _aLexisNexis,
_eauthor.
245 1 0 _aAll England Law Reports :
260 _bButterworths,
_c2001.
942 _cENGLISH
040 _aYourLibrary
_beng
_cYourLibrary
999 _c619452
_d619452